|
|
|
|
| LEADER |
00000nas a22000005a 4500 |
| 001 |
ssj0026934 |
| 003 |
WaSeSS |
| 005 |
20200512172242.0 |
| 006 |
m d |
| 007 |
cr n |
| 008 |
020524nuuuuuuuumduuu s 0eng |
| 035 |
|
|
|a (WaSeSS)ssj0026934
|
| 040 |
|
|
|d WaSeSS
|
| 245 |
0 |
0 |
|a Min's new media report
|h [electronic resource].
|
| 260 |
|
|
|a Potomac :
|b PBI Media, LLC.
|
| 506 |
|
|
|a License restrictions may limit access.
|
| 650 |
|
7 |
|a Advertising, marketing and public relations.
|2 MiFhGG
|
| 650 |
|
7 |
|a Business.
|2 MiFhGG
|
| 650 |
|
7 |
|a Computers and office automation industries.
|2 MiFhGG
|
| 650 |
|
7 |
|a Publishing industry.
|2 MiFhGG
|
| 655 |
|
0 |
|a Electronic journals.
|
| 856 |
4 |
0 |
|z Full text available from Research Library: 01/01/2001 to 01/28/2002
|u https://search.proquest.com/publication/34001
|